000 00413nam a2200181Ia 4500
003 0STCL
008 150530s9999 xx 000 0 und d
040 _aSTCL
_cSTCL
100 _aJoy, M.S.
245 _aKatuva
250 _a2
260 _bState insitute of languages; Trivandrum
_c2003
_aTrivandrum
300 _a0
546 _aMalayalam
942 _2ddc
_cBK
999 _c17968
_d17968
005 20220125165818.0